An encyclopedia of musical instruments

Bibliographic Details
Main Author: Llewellyn, Claire
Format: Book
Published: Oxford : Reed Educational and Professional Publishing Ltd , 2000
Series:Rigby red giant
Subjects:

MARC

LEADER 00000cam a2200000 7i4500
001 0000065711
005 20220105103831.0
008 160821
020 |a 0433036117 
020 |a 9780433036111 
090 0 0 |a SC   |b ENG 
100 1 |a Llewellyn, Claire 
245 1 0 |a An encyclopedia of musical instruments   |c Claire Llewellyn 
260 |a Oxford :   |b Reed Educational and Professional Publishing Ltd ,   |c 2000 
490 1 |a Rigby red giant 
500 |a Children age 4-6 years old (yellow) 
650 0 |a Children stories, English 
999 |a 0000796527   |b Book   |c Children Collection   |e Cawangan Segamat 
999 |a 0000798177   |b Book   |c Children Collection   |e Cawangan Pontian 
999 |a 0000817665   |b Book   |c Children Collection   |e Cawangan Bandar Penawar